Reardes' guide to periodical literature An author and subject index March 1965 - February 1966. No.25

সংরক্ষণ করুন:
গ্রন্থ-পঞ্জীর বিবরন
বিন্যাস: গ্রন্থ
ভাষা:Undetermined
প্রকাশিত: New York W. H. Wilson 1965
বিষয়গুলি:
ট্যাগগুলো: ট্যাগ যুক্ত করুন
কোনো ট্যাগ নেই, প্রথমজন হিসাবে ট্যাগ করুন!
Thư viện lưu trữ: Trung tâm Học liệu Trường Đại học Cần Thơ
LEADER 00508nam a2200169Ia 4500
001 CTU_26686
008 210402s9999 xx 000 0 und d
082 |a 801.6 
082 |b L732/No.25 
245 0 |a Reardes' guide to periodical literature 
245 3 |b An author and subject index March 1965 - February 1966. No.25 
260 |a New York 
260 |b W. H. Wilson 
260 |c 1965 
650 |a literature - indexes 
904 |i Minh, 981017 
980 |a Trung tâm Học liệu Trường Đại học Cần Thơ